[Event "FIDE World Cup Mexico Qual"]
[Site "Mexico City"]
[Date "2021.05.28"]
[Round "5"]
[White "Baltazar Pineda, Rafael"]
[Black "Carreto Nieto, Geovanni"]
[Result "0-1"]
[WhiteElo "2062"]
[BlackElo "2208"]
[PlyCount "86"]
[EventDate "2021.05.26"]
[EventType "swiss"]
[EventRounds "9"]
[EventCountry "MEX"]
[SourceTitle "CBM 202 Extra"]
[Source "ChessBase"]
[SourceDate "2021.07.31"]
[SourceVersion "1"]
[SourceVersionDate "2021.07.31"]
[SourceQuality "1"]

1. d4 Nf6 2. Nf3 e6 3. e3 c5 4. c3 Be7 5. Bd3 d5 6. Ne5 0-0 7. Nd2 b6 8. Qe2 a5 9. f4 Ba6 10. 0-0 Qc8 11. g4 Ne4 12. Nxe4 dxe4 13. Bxa6 Qxa6 14. Qxa6 Rxa6 15. a4 Rc8 16. g5 f6 17. gxf6 gxf6 18. Ng4 h5 19. Nf2 f5 20. Kh1 Nd7 21. Bd2 Kf7 22. Rg1 Raa8 23. Nh3 Rg8 24. Ng5+ Bxg5 25. fxg5 Nf8 26. Be1 Ng6 27. Bg3 Rac8 28. h4 Rgd8 29. Ra3 Rd7 30. Rb3 Rc6 31. Kh2 e5 32. Rf1 Ke6 33. dxc5 bxc5 34. Kh3 Rd3 35. Re1 f4 36. Bf2 Rd2 37. Bg1 f3 38. Kg3 Rg2+ 39. Kh3 f2 40. Bxf2 Rxf2 41. Rb7 Rd6 42. Rf1 Rfd2 43. Kg3 Rg2+ 0-1

[Event "FIDE World Cup Mexico Qual"]
[Site "Mexico City"]
[Date "2021.05.28"]
[Round "4"]
[White "Gonzalez Zamora, Juan Carlos"]
[Black "Baltazar Pineda, Rafael"]
[Result "1-0"]
[WhiteElo "2540"]
[BlackElo "2062"]
[PlyCount "54"]
[EventDate "2021.05.26"]
[EventType "swiss"]
[EventRounds "9"]
[EventCountry "MEX"]
[SourceTitle "CBM 202 Extra"]
[Source "ChessBase"]
[SourceDate "2021.07.31"]
[SourceVersion "1"]
[SourceVersionDate "2021.07.31"]
[SourceQuality "1"]

1. d4 Nf6 2. c4 d6 3. Nc3 g6 4. e4 Bg7 5. h3 0-0 6. Nf3 e5 7. d5 c5 8. Be2 Bd7 9. g4 Na6 10. Nh2 Ne8 11. g5 f5 12. h4 f4 13. Bg4 Nac7 14. Bxd7 Qxd7 15. h5 a6 16. Na4 Rb8 17. Nb6 Qh3 18. h6 Rf7 19. hxg7 f3 20. Be3 Nxg7 21. Kd2 Qh4 22. Qc2 Rf4 23. Rag1 Qh3 24. Bxf4 exf4 25. Ng4 Qg2 26. Rxg2 fxg2 27. Rg1 f3 1-0

[Event "FIDE World Cup Mexico Qual"]
[Site "Mexico City"]
[Date "2021.05.27"]
[Round "3"]
[White "Baltazar Pineda, Rafael"]
[Black "Figueredo Losada, Leonel"]
[Result "1-0"]
[WhiteElo "2062"]
[BlackElo "2369"]
[PlyCount "33"]
[EventDate "2021.05.26"]
[EventType "swiss"]
[EventRounds "9"]
[EventCountry "MEX"]
[SourceTitle "CBM 202 Extra"]
[Source "ChessBase"]
[SourceDate "2021.07.31"]
[SourceVersion "1"]
[SourceVersionDate "2021.07.31"]
[SourceQuality "1"]

1. d4 d6 2. Nf3 g6 3. e3 Bg7 4. g3 f5 5. Bg2 Nf6 6. 0-0 0-0 7. c4 c6 8. Nc3 Qc7 9. b3 e5 10. dxe5 dxe5 11. Bb2 e4 12. Nd4 Na6 13. Ba3 Rd8 14. Qc1 Ng4 15. Rd1 Ne5 16. Bf1 Qf7 17. Bg2 1-0

[Event "FIDE World Cup Mexico Qual"]
[Site "Mexico City"]
[Date "2021.05.27"]
[Round "2"]
[White "Capo Vidal, Uriel"]
[Black "Baltazar Pineda, Rafael"]
[Result "0-1"]
[WhiteElo "2334"]
[BlackElo "2062"]
[PlyCount "108"]
[EventDate "2021.05.26"]
[EventType "swiss"]
[EventRounds "9"]
[EventCountry "MEX"]
[SourceTitle "CBM 202 Extra"]
[Source "ChessBase"]
[SourceDate "2021.07.31"]
[SourceVersion "1"]
[SourceVersionDate "2021.07.31"]
[SourceQuality "1"]

1. d4 Nf6 2. c4 g6 3. Nc3 Bg7 4. e4 d6 5. Nf3 0-0 6. Be3 Ng4 7. Bg5 h6 8. Bh4 c6 9. Be2 Na6 10. Qd2 f5 11. exf5 Bxf5 12. Bg3 c5 13. d5 Nf6 14. Nh4 Ne4 15. Nxe4 Bxe4 16. Bd3 Bxd3 17. Qxd3 Qa5+ 18. Ke2 Qb4 19. Rab1 g5 20. Ng6 Rf7 21. h4 b5 22. Rhc1 Qa4 23. a3 Rb8 24. cxb5 Qxb5 25. Qxb5 Rxb5 26. b4 cxb4 27. Rc6 Rb6 28. a4 Rxc6 29. dxc6 Bc3 30. Kd3 Kg7 31. h5 Nc7 32. a5 e5 33. f3 Kf6 34. Bf2 Nb5 35. Rb3 Ke6 36. Kc4 a6 37. Bb6 d5+ 38. Kd3 Kd6 39. Bd8 Nc7 40. Kc2 Ne6 41. c7 Nxc7 42. Rb1 Ne6 43. Bb6 Nf4 44. Nxf4 gxf4 45. Rh1 Rg7 46. Rh2 e4 47. Kb3 e3 48. g4 fxg3 49. Rg2 d4 50. Kc4 Ke5 51. Kd3 Kf4 52. Ke2 b3 53. Bc5 Rd7 54. Kd3 Kxf3 0-1

[Event "World op 48th"]
[Site "ICC INT"]
[Date "2020.08.09"]
[Round "7"]
[White "Brown, Wayne"]
[Black "Baltazar Pineda, Rafael"]
[Result "0-1"]
[WhiteElo "2005"]
[BlackElo "2073"]
[PlyCount "102"]
[EventDate "2020.08.07"]
[EventType "swiss"]
[EventRounds "9"]
[EventCountry "USA"]
[SourceTitle "CBM 197 Extra"]
[Source "ChessBase"]
[SourceDate "2020.09.30"]
[SourceVersion "1"]
[SourceVersionDate "2020.09.30"]
[SourceQuality "1"]

1. e4 d6 2. d4 g6 3. Nc3 Bg7 4. Be2 Nf6 5. Nf3 0-0 6. 0-0 e5 7. dxe5 dxe5 8. Qxd8 Rxd8 9. Bg5 Re8 10. Rad1 Bg4 11. Rfe1 Nc6 12. Bxf6 Bxf6 13. Nd5 Bd8 14. c3 a6 15. Nd2 Be6 16. a4 Kg7 17. Bc4 Na5 18. Bf1 c6 19. Ne3 b5 20. b4 Nb7 21. axb5 axb5 22. Ra1 Bb6 23. Be2 Red8 24. Nf3 f6 25. h4 Kf7 26. Kf1 Ke7 27. Rec1 Nd6 28. Nd2 Ne8 29. Ke1 Nd6 30. Bd1 f5 31. Bf3 f4 32. Ng4 Nf7 33. Nf1 h5 34. Ngh2 c5 35. bxc5 Bxc5 36. Be2 Nd6 37. Nd2 Ra4 38. Bd1 Raa8 39. Nhf3 Kf6 40. Ng5 Bg8 41. Bb3 Nc4 42. Nxc4 bxc4 43. Bc2 Ba3 44. Rd1 Bb2 45. Rxa8 Bxc3+ 46. Ke2 Rxa8 47. Rd6+ Kg7 48. Rd7+ Kh6 49. Bd1 Ra2+ 50. Kf3 Bd4 51. Be2 Ra3+ 0-1

[Event "World op 48th"]
[Site "ICC INT"]
[Date "2020.08.09"]
[Round "9"]
[White "Gutla, Aryan"]
[Black "Baltazar Pineda, Rafael"]
[Result "1-0"]
[WhiteElo "1910"]
[BlackElo "2073"]
[PlyCount "99"]
[EventDate "2020.08.07"]
[EventType "swiss"]
[EventRounds "9"]
[EventCountry "USA"]
[SourceTitle "CBM 197 Extra"]
[Source "ChessBase"]
[SourceDate "2020.09.30"]
[SourceVersion "1"]
[SourceVersionDate "2020.09.30"]
[SourceQuality "1"]

1. e4 c5 2. Nf3 d6 3. d4 cxd4 4. Nxd4 Nf6 5. Nc3 a6 6. Bg5 e6 7. f4 Be7 8. Qf3 Qc7 9. 0-0-0 Nbd7 10. Bd3 b5 11. Rhe1 Bb7 12. Qg3 0-0-0 13. Bxf6 gxf6 14. f5 e5 15. Nb3 Rhg8 16. Qh3 Rg7 17. g3 Bf8 18. Qf1 Nb6 19. Na5 Ba8 20. a3 d5 21. Bxb5 axb5 22. Qxb5 d4 23. Qa6+ Bb7 24. Qa7 Rd7 25. Nb5 Qc5 26. c4 Na8 27. b4 Qxa7 28. Nxa7+ Kb8 29. Nb5 Rg4 30. Nxb7 Kxb7 31. Kc2 Kb6 32. Kb3 Kc6 33. a4 h5 34. c5 h4 35. Rd3 hxg3 36. hxg3 Bh6 37. Rh1 Be3 38. Rh8 Rxe4 39. Rxa8 Rg4 40. Ra6+ Kb7 41. c6+ Kxa6 42. cxd7 Rg8 43. Nc7+ Kb7 44. Ne8 e4 45. d8Q exd3 46. Nd6+ Kc6 47. Qxg8 Kxd6 48. Kc4 d2 49. Qd8+ Ke5 50. Qd5# 1-0

[Event "World op 48th"]
[Site "ICC INT"]
[Date "2020.08.08"]
[Round "6"]
[White "Baltazar Pineda, Rafael"]
[Black "Kondakov, Adrian"]
[Result "0-1"]
[WhiteElo "2073"]
[BlackElo "1986"]
[PlyCount "74"]
[EventDate "2020.08.07"]
[EventType "swiss"]
[EventRounds "9"]
[EventCountry "USA"]
[SourceTitle "CBM 197 Extra"]
[Source "ChessBase"]
[SourceDate "2020.09.30"]
[SourceVersion "1"]
[SourceVersionDate "2020.09.30"]
[SourceQuality "1"]

1. d4 Nf6 2. Nf3 g6 3. e3 Bg7 4. Bd3 d6 5. Nbd2 0-0 6. 0-0 Nc6 7. c3 e5 8. e4 Nh5 9. d5 Ne7 10. Re1 f5 11. c4 Nf4 12. Bf1 c6 13. g3 Nh5 14. Bg2 Nf6 15. Ng5 h6 16. Ne6 Bxe6 17. dxe6 Qc8 18. c5 dxc5 19. Qb3 Kh7 20. exf5 Nxf5 21. Nf3 e4 22. Nh4 Nd4 23. Qc4 Qxe6 24. Qxc5 Qd5 25. Qxd5 cxd5 26. Rd1 Ng4 27. Be3 Ne2+ 28. Kh1 Rxf2 29. Bc5 b6 30. h3 Nxg3+ 31. Kg1 Ne2+ 32. Kh1 bxc5 33. hxg4 Bd4 34. Rab1 Raf8 35. b4 R8f4 36. bxc5 Rxg4 37. Rb7+ Kg8 0-1

[Event "World op 48th"]
[Site "ICC INT"]
[Date "2020.08.08"]
[Round "4"]
[White "Baltazar Pineda, Rafael"]
[Black "Samuelson, Andrew"]
[Result "0-1"]
[WhiteElo "2073"]
[BlackElo "2111"]
[PlyCount "74"]
[EventDate "2020.08.07"]
[EventType "swiss"]
[EventRounds "9"]
[EventCountry "USA"]
[SourceTitle "CBM 197 Extra"]
[Source "ChessBase"]
[SourceDate "2020.09.30"]
[SourceVersion "1"]
[SourceVersionDate "2020.09.30"]
[SourceQuality "1"]

1. d4 Nf6 2. Nf3 c5 3. c3 e6 4. Nbd2 b6 5. e4 Bb7 6. Bd3 Be7 7. 0-0 d6 8. Re1 Nbd7 9. Nf1 d5 10. e5 Ne4 11. Bxe4 dxe4 12. N3d2 f5 13. Ne3 cxd4 14. cxd4 Nb8 15. Qb3 Qd7 16. Ndf1 0-0 17. g3 Nc6 18. Nc2 Na5 19. Qc3 Rac8 20. Qd2 g5 21. Qd1 Rf7 22. Nce3 Nc6 23. Nc2 Nxe5 24. dxe5 Qxd1 25. Rxd1 Rxc2 26. Rd7 Bc5 27. Rd2 Rxd2 28. Bxd2 f4 29. g4 Rd7 30. Re1 Rd3 31. Bc3 a5 32. Re2 Rh3 33. Rd2 Bd5 34. a3 a4 35. Bb4 Rh4 36. h3 Rxh3 37. Nh2 e3 0-1

[Event "World op 48th"]
[Site "ICC INT"]
[Date "2020.08.07"]
[Round "3"]
[White "Nair, Ajitesh"]
[Black "Baltazar Pineda, Rafael"]
[Result "1/2-1/2"]
[WhiteElo "1392"]
[BlackElo "2073"]
[PlyCount "155"]
[EventDate "2020.08.07"]
[EventType "swiss"]
[EventRounds "9"]
[EventCountry "USA"]
[SourceTitle "CBM 197 Extra"]
[Source "ChessBase"]
[SourceDate "2020.09.30"]
[SourceVersion "1"]
[SourceVersionDate "2020.09.30"]
[SourceQuality "1"]

1. e4 g6 2. d4 Bg7 3. Nf3 d6 4. c3 Nd7 5. Bd3 Ngf6 6. 0-0 0-0 7. Re1 e5 8. Be3 h6 9. Qc2 c6 10. Nbd2 Qc7 11. Nc4 b5 12. Na3 a6 13. Rad1 c5 14. b3 Bb7 15. d5 Rfe8 16. Bf1 Nf8 17. Be2 Kh7 18. h3 Bc8 19. Bd3 Bd7 20. Bf1 Qc8 21. Be2 Nh5 22. b4 c4 23. Nb1 Nf4 24. Bxf4 exf4 25. a4 f5 26. exf5 Bxf5 27. Qd2 g5 28. Nd4 Bg6 29. Na3 bxa4 30. Nxc4 Qc7 31. Ra1 f3 32. Nxf3 Rac8 33. Rxa4 Rxe2 34. Qxe2 Qxc4 35. Qxc4 Rxc4 36. Rxa6 Rxc3 37. Rxd6 Rb3 38. Rb6 Kg8 39. d6 Rd3 40. Re7 Bf6 41. Re3 Rd1+ 42. Re1 Rd5 43. g4 h5 44. Kg2 hxg4 45. hxg4 Bf7 46. b5 Nd7 47. Rc6 Rxb5 48. Rc7 Nf8 49. Rc8 Rd5 50. Rc6 Ne6 51. d7 Nf4+ 52. Kh2 Kg7 53. Ne5 Be6 54. Rc7 Kh6 55. Rc6 Kh7 56. Rc7 Kh6 57. Rc6 Rd2 58. Rxe6 Nxe6 59. Nc4 Rxd7 60. Rxe6 Kg7 61. Ne3 Kf7 62. Re4 Rd2 63. Kg2 Bd4 64. Kg3 Kf6 65. Nd5+ Kf7 66. Re7+ Kf8 67. Kf3 Rxf2+ 68. Ke4 Bb2 69. Rb7 Bc1 70. Rc7 Bf4 71. Nxf4 Rxf4+ 72. Ke5 Rf1 73. Ke4 Rf4+ 74. Ke5 Rxg4 75. Kf6 Ke8 76. Rg7 Rg1 77. Rxg5 Rxg5 78. Kxg5 1/2-1/2

[Event "MEX-ch op 52nd "]
[Site "Mexico City"]
[Date "2006.04.15"]
[Round "8"]
[White "Arreguin Hernandez, Alan Guillermo"]
[Black "Baltazar Pineda, Rafael"]
[Result "1/2-1/2"]
[WhiteElo "2253"]
[BlackElo "2132"]
[PlyCount "45"]
[EventDate "2006.04.11"]
[EventType "swiss"]
[EventRounds "9"]
[EventCountry "MEX"]
[SourceTitle "EXT 2007"]
[Source "ChessBase"]
[SourceDate "2006.11.23"]
[SourceVersion "1"]
[SourceVersionDate "2006.11.23"]
[SourceQuality "1"]

1. e4 c5 2. Nf3 d6 3. d4 cxd4 4. Nxd4 Nf6 5. Nc3 a6 6. Bg5 e6 7. f4 Be7 8. Qf3 Qc7 9. 0-0-0 Nbd7 10. Bd3 b5 11. Rhe1 Bb7 12. Qg3 h6 13. Bh4 g5 14. fxg5 Nh5 15. Qg4 hxg5 16. Bxg5 Ne5 17. Qh4 Ng6 18. Qg4 Ne5 19. Qh4 Ng6 20. Qg4 Ne5 21. Qh4 Ng6 22. Qg4 Ne5 23. Qh4 1/2-1/2

[Event "Carlos Torre Memorial op 17th"]
[Site "Merida"]
[Date "2004.12.13"]
[Round "1"]
[White "Baltazar Pineda, Rafael"]
[Black "Nogueiras Santiago, Jesus"]
[Result "0-1"]
[WhiteElo "2209"]
[BlackElo "2546"]
[PlyCount "150"]
[EventDate "2004.12.13"]
[EventType "swiss"]
[EventRounds "9"]
[EventCountry "MEX"]
[SourceTitle "CBM 103 Extra"]
[Source "ChessBase"]
[SourceDate "2005.01.01"]
[SourceVersion "1"]
[SourceVersionDate "2005.01.01"]
[SourceQuality "1"]

1. Nf3 d5 2. d4 Nf6 3. e3 g6 4. Bd3 Bg7 5. Nbd2 0-0 6. 0-0 c5 7. b3 cxd4 8. exd4 Nc6 9. Bb2 Bf5 10. Bxf5 gxf5 11. Ne5 Rc8 12. a3 Qc7 13. Nxc6 Qxc6 14. c3 Rc7 15. Re1 e6 16. Re3 Ne4 17. Rh3 Ng5 18. Rg3 f6 19. Qh5 Qe8 20. Qh4 Qf7 21. Qf4 Rfc8 22. f3 Qd7 23. Re1 b5 24. b4 Kh8 25. Nb3 Bf8 26. Nc5 Bd6 27. Qd2 Qf7 28. Bc1 Rg8 29. Qe2 f4 30. Rxg5 fxg5 31. Qxe6 Qxe6 32. Rxe6 Re7 33. Rxd6 Re1+ 34. Kf2 Rxc1 35. Rxd5 Rc2+ 36. Kf1 Rxc3 37. Rd7 Rc1+ 38. Kf2 Rc2+ 39. Kf1 g4 40. Ne4 gxf3 41. gxf3 Rxh2 42. d5 a5 43. Ra7 axb4 44. axb4 Rc8 45. Kg1 Rb2 46. Ra1 Rxb4 47. d6 Rd4 48. Kg2 Rg8+ 49. Kf2 Kg7 50. Rg1+ Kf7 51. Rh1 Ra8 52. Rxh7+ Kg6 53. Rb7 Ra2+ 54. Ke1 Ra3 55. Kf2 b4 56. Kg2 b3 57. Kh3 Kf5 58. Rb5+ Ke6 59. Kg4 Rxd6 60. Nxd6 Kxd6 61. Kxf4 Kc6 62. Rb8 Kc5 63. Ke3 Kc4 64. Rc8+ Kb4 65. Kd2 Ra1 66. Rb8+ Ka3 67. Ra8+ Kb2 68. Rb8 Ka2 69. f4 b2 70. Ra8+ Kb1 71. Rb8 Ra2 72. Rb4 Ra3 73. Rb5 Rf3 74. f5 Ka2 75. Ra5+ Ra3 0-1

[Event "Carlos Torre Memorial op 16th"]
[Site "Merida"]
[Date "2003.12.13"]
[Round "2"]
[White "Martin Del Campo C, Roberto Abel"]
[Black "Baltazar Pineda, Rafael"]
[Result "1/2-1/2"]
[WhiteElo "2407"]
[BlackElo "2224"]
[PlyCount "68"]
[EventDate "2003.12.12"]
[EventType "swiss"]
[EventRounds "9"]
[EventCountry "MEX"]
[SourceTitle "CBM 097 Extra"]
[Source "ChessBase"]
[SourceDate "2004.01.13"]
[SourceVersion "1"]
[SourceVersionDate "2004.01.13"]
[SourceQuality "1"]

1. e4 c5 2. Nf3 d6 3. d4 cxd4 4. Nxd4 Nf6 5. Nc3 a6 6. Bg5 e6 7. f4 Be7 8. Qf3 Qc7 9. 0-0-0 Nbd7 10. Bd3 h6 11. Bh4 g5 12. e5 gxh4 13. exf6 Nxf6 14. f5 e5 15. Nde2 Bd7 16. Ne4 Bc6 17. Nxf6+ Bxf6 18. Be4 0-0-0 19. Nc3 Kb8 20. Kb1 Rd7 21. Rd3 Rc8 22. Rhd1 Bg5 23. Bd5 Bb5 24. Bb3 Bxd3 25. Rxd3 Qc5 26. h3 Qg1+ 27. Rd1 Qc5 28. a3 Qe3 29. Qxe3 Bxe3 30. Nd5 Bc5 31. Nf6 Re7 32. Nd5 Rd7 33. Nf6 Re7 34. Nd5 Rd7 1/2-1/2

[Event "Carlos Torre Memorial op 15th"]
[Site "Merida"]
[Date "2002.12.20"]
[Round "8"]
[White "Lopez Michelone, Manuel"]
[Black "Baltazar Pineda, Rafael"]
[Result "0-1"]
[WhiteElo "2105"]
[BlackElo "2278"]
[PlyCount "80"]
[EventDate "2002.12.13"]
[EventType "swiss"]
[EventRounds "9"]
[EventCountry "MEX"]
[SourceTitle "CBM 091 Extra"]
[Source "ChessBase"]
[SourceDate "2003.01.09"]
[SourceVersion "1"]
[SourceVersionDate "2003.01.09"]
[SourceQuality "1"]

1. e4 e6 2. d4 d5 3. e5 Qd7 4. f4 b6 5. Nf3 Ba6 6. Bxa6 Nxa6 7. Qe2 Nb8 8. 0-0 c5 9. c3 Ne7 10. g4 g6 11. Na3 h5 12. h3 Nec6 13. Nc2 Na5 14. Ne3 Nbc6 15. Bd2 c4 16. Be1 Be7 17. Qc2 0-0-0 18. Bg3 Qe8 19. Kf2 Rd7 20. b3 Rc7 21. f5 cxb3 22. axb3 Nb4 23. cxb4 Rxc2+ 24. Nxc2 Nxb3 25. Rxa7 Kb8 26. Ra3 Qc6 27. Na1 Nc1 28. Kg2 Bxb4 29. Re3 hxg4 30. hxg4 gxf5 31. gxf5 Rg8 32. fxe6 fxe6 33. Rf2 Qb5 34. Nc2 Ba5 35. Na3 Qa6 36. Rc2 Nd3 37. Kh3 Bb4 38. Nb1 Qa1 39. Nc3 Bxc3 40. Rxd3 Qf1+ 0-1

[Event "Carlos Torre Memorial op 15th"]
[Site "Merida"]
[Date "2002.12.14"]
[Round "2"]
[White "Baltazar Pineda, Rafael"]
[Black "Georgiev, Vladimir"]
[Result "0-1"]
[WhiteElo "2278"]
[BlackElo "2501"]
[PlyCount "61"]
[EventDate "2002.12.13"]
[EventType "swiss"]
[EventRounds "9"]
[EventCountry "MEX"]
[SourceTitle "CBM 091 Extra"]
[Source "ChessBase"]
[SourceDate "2003.01.09"]
[SourceVersion "1"]
[SourceVersionDate "2003.01.09"]
[SourceQuality "1"]

1. e4 d6 2. Nf3 Nf6 3. d3 g6 4. g3 Bg7 5. Bg2 c5 6. Nbd2 Nc6 7. 0-0 0-0 8. Re1 Qc7 9. Nf1 Rb8 10. h3 b5 11. g4 b4 12. Ne3 a5 13. Nc4 Nd7 14. Rb1 Ba6 15. Ne3 Rbc8 16. Nd5 Qa7 17. b3 e6 18. Ne3 Nd4 19. Bb2 Bb7 20. Nc4 Qa6 21. Qd2 d5 22. exd5 exd5 23. Nce5 Nxe5 24. Nxe5 Qd6 25. Nf3 Nxf3+ 26. Bxf3 Bxb2 27. Qd1 Bc3 28. Rf1 Qf4 29. Bg2 Rfe8 30. Qf3 Qxf3 31. Bxf3 0-1

[Event "Fide Mercenarios 54th"]
[Site "Mexico City"]
[Date "2001.??.??"]
[Round "5"]
[White "Zarate Manjarrez, Alfredo"]
[Black "Baltazar Pineda, Rafael"]
[Result "0-1"]
[WhiteElo "2215"]
[BlackElo "2290"]
[PlyCount "60"]
[EventDate "2001.02.??"]
[EventType "tourn"]
[EventRounds "9"]
[EventCountry "MEX"]
[SourceTitle "EXT 2003"]
[Source "ChessBase"]
[SourceDate "2002.11.25"]
[SourceVersion "1"]
[SourceVersionDate "2002.11.25"]
[SourceQuality "1"]

1. e4 c5 2. Nc3 d6 3. Nf3 Nc6 4. d4 cxd4 5. Nxd4 Bd7 6. Be2 Nf6 7. 0-0 a6 8. Kh1 e6 9. f4 Be7 10. Be3 0-0 11. Qe1 b5 12. a3 Rc8 13. Bf3 Qc7 14. Qg3 Qd8 15. Rad1 Ne8 16. e5 Nxd4 17. Bxd4 d5 18. f5 Bc5 19. f6 Bxd4 20. Rxd4 Rc4 21. Rxc4 bxc4 22. fxg7 Nxg7 23. Bh5 Kh8 24. Bxf7 Be8 25. Rf6 Rxf7 26. Qg5 Qe7 27. h4 Rf8 28. Ne2 Rg8 29. Qh6 Nh5 30. g4 Rxg4 0-1

[Event "Fide Mercenarios 51st"]
[Site "Mexico City"]
[Date "2000.10.17"]
[Round "6"]
[White "Villanueva Garciacano, Manuel"]
[Black "Baltazar Pineda, Rafael"]
[Result "1/2-1/2"]
[WhiteElo "2105"]
[BlackElo "2294"]
[PlyCount "107"]
[EventDate "2000.12.??"]
[EventType "tourn"]
[EventRounds "13"]
[EventCountry "MEX"]
[SourceTitle "EXT 2002"]
[Source "ChessBase"]
[SourceDate "2001.11.25"]
[SourceVersion "1"]
[SourceVersionDate "2001.11.25"]
[SourceQuality "1"]

1. e4 c5 2. Nf3 d6 3. d4 cxd4 4. Nxd4 Nf6 5. Nc3 e5 6. Nb3 Be6 7. Be2 Be7 8. 0-0 0-0 9. Bg5 Nbd7 10. Qd2 Rc8 11. f3 a6 12. Rad1 b5 13. Bxf6 Nxf6 14. Nd5 Nxd5 15. exd5 Bd7 16. Bd3 f5 17. Qa5 Qxa5 18. Nxa5 Rc5 19. b4 Rxd5 20. Bc4 bxc4 21. Rxd5 Rc8 22. c3 Be6 23. Rd2 d5 24. Rb1 Bf6 25. b5 axb5 26. Rxb5 d4 27. Rb6 Bf7 28. Rc6 Rxc6 29. Nxc6 d3 30. Rb2 h6 31. Kf2 e4 32. Nd4 Be5 33. a4 Kh7 34. Nb5 Bf4 35. a5 Bd5 36. Nd4 e3+ 37. Ke1 Bxh2 38. Ne2 Bc7 39. a6 dxe2 40. Kxe2 f4 41. Ra2 h5 42. a7 Ba8 43. Ra4 Be5 44. Rxc4 Kg6 45. Rc8 Bb7 46. c4 Kf5 47. a8Q Bxa8 48. Rxa8 g5 49. Rd8 g4 50. fxg4+ hxg4 51. Kd3 Bc7 52. Rd5+ Ke6 53. Rb5 Bd6 54. Ke2 1/2-1/2

[Event "Fide Mercenarios 51st"]
[Site "Mexico City"]
[Date "2000.09.26"]
[Round "3"]
[White "Baltazar Pineda, Rafael"]
[Black "Gongora Montes, Benjamin"]
[Result "0-1"]
[WhiteElo "2294"]
[BlackElo "2243"]
[PlyCount "66"]
[EventDate "2000.12.??"]
[EventType "tourn"]
[EventRounds "13"]
[EventCountry "MEX"]
[SourceTitle "EXT 2002"]
[Source "ChessBase"]
[SourceDate "2001.11.25"]
[SourceVersion "1"]
[SourceVersionDate "2001.11.25"]
[SourceQuality "1"]

1. d4 f5 2. Nf3 e6 3. g3 b6 4. Bg2 Bb7 5. 0-0 Nf6 6. c4 c5 7. e3 Na6 8. Nc3 cxd4 9. exd4 Bb4 10. Bg5 Bxc3 11. bxc3 0-0 12. Re1 Qc7 13. Qe2 Rac8 14. c5 bxc5 15. Bxf6 Rxf6 16. Rab1 Nb8 17. Rb2 cxd4 18. cxd4 Be4 19. Qd2 Nc6 20. Rc1 Qd6 21. Ne5 Bxg2 22. Kxg2 Rd8 23. Nf3 f4 24. g4 Rff8 25. Rb5 Ne7 26. Rh5 Nd5 27. Qd3 g6 28. Rh3 Rc8 29. Rxc8 Rxc8 30. g5 Qc6 31. Rh6 Qc2 32. Qa6 Ne3+ 33. Kh1 Qd1+ 0-1

[Event "Fide Mercenarios 51st"]
[Site "Mexico City"]
[Date "2000.09.19"]
[Round "2"]
[White "Caceres Cortes, Julio"]
[Black "Baltazar Pineda, Rafael"]
[Result "0-1"]
[WhiteElo "2103"]
[BlackElo "2294"]
[PlyCount "80"]
[EventDate "2000.12.??"]
[EventType "tourn"]
[EventRounds "13"]
[EventCountry "MEX"]
[SourceTitle "EXT 2002"]
[Source "ChessBase"]
[SourceDate "2001.11.25"]
[SourceVersion "1"]
[SourceVersionDate "2001.11.25"]
[SourceQuality "1"]

1. e4 b6 2. d4 Bb7 3. Bd3 Nf6 4. Nc3 e6 5. Nf3 c5 6. e5 cxd4 7. Nb5 a6 8. Nbxd4 Nd5 9. 0-0 Be7 10. c4 Nb4 11. Bb1 N8c6 12. Re1 Nxd4 13. Nxd4 Rc8 14. Qg4 g6 15. b3 Nc6 16. Bb2 h5 17. Qg3 Bh4 18. Qe3 Bg5 19. f4 Be7 20. Kh1 h4 21. h3 Bc5 22. Be4 Qc7 23. Rad1 Ne7 24. Qf3 Bxe4 25. Qxe4 Bxd4 26. Qxd4 Nf5 27. Qd3 Rh5 28. Bd4 g5 29. Qf3 gxf4 30. Kh2 Rh7 31. Qxf4 Rg7 32. Qd2 Rb8 33. Bb2 Qc6 34. Re2 b5 35. cxb5 Rxb5 36. Rf2 Rd5 37. Qc1 Rxd1 38. Qxd1 Ne3 39. Qe2 Qe4 40. Qd2 Rxg2+ 0-1

[Event "Fide Mercenarios 51st"]
[Site "Mexico City"]
[Date "2000.??.??"]
[Round "4"]
[White "Diaz Lombardo, Isidro"]
[Black "Baltazar Pineda, Rafael"]
[Result "1-0"]
[WhiteElo "2076"]
[BlackElo "2294"]
[PlyCount "95"]
[EventDate "2000.12.??"]
[EventType "tourn"]
[EventRounds "13"]
[EventCountry "MEX"]
[SourceTitle "EXT 2002"]
[Source "ChessBase"]
[SourceDate "2001.11.25"]
[SourceVersion "1"]
[SourceVersionDate "2001.11.25"]
[SourceQuality "1"]

1. g4 d5 2. h3 e5 3. Bg2 c6 4. d4 e4 5. c4 h5 6. g5 f5 7. cxd5 cxd5 8. Bf4 Nc6 9. Nc3 Be6 10. e3 h4 11. Qb3 Qd7 12. Nge2 Rc8 13. Bh2 Na5 14. Qb5 Qxb5 15. Nxb5 Bb4+ 16. Nec3 Kd7 17. a3 Bxc3+ 18. Nxc3 Nc4 19. Na4 b6 20. b3 Na5 21. Rb1 Ne7 22. Kd2 Rc6 23. Bf1 Kd8 24. Bb5 Rc8 25. Nc3 Nec6 26. b4 Nb7 27. Ba6 Rc7 28. Bxc7+ Kxc7 29. Nb5+ Kb8 30. Rbc1 Nbd8 31. Rc3 Rf8 32. Rhc1 Bd7 33. Nd6 Kc7 34. Nb5+ Kb8 35. R3c2 f4 36. Nc3 fxe3+ 37. fxe3 Bxh3 38. Nxd5 Rf2+ 39. Ke1 Rxc2 40. Rxc2 Bd7 41. Rf2 Ne6 42. b5 h3 43. Kf1 Bc8 44. Nc3 Ne7 45. d5 Nxg5 46. Rf8 Nf3 47. Re8 Kc7 48. Nxe4 1-0

[Event "Fide Mercenarios 39th"]
[Site "Mexico City"]
[Date "1999.??.??"]
[Round "9"]
[White "Baltazar Pineda, Rafael"]
[Black "De Winter, Willy"]
[Result "1-0"]
[WhiteElo "2160"]
[BlackElo "2140"]
[PlyCount "51"]
[EventDate "1999.??.??"]
[EventType "tourn"]
[EventRounds "11"]
[EventCountry "MEX"]
[SourceTitle "EXT 2000"]
[Source "ChessBase"]
[SourceDate "1999.11.16"]
[SourceVersion "1"]
[SourceVersionDate "1999.11.16"]
[SourceQuality "1"]

1. e4 c5 2. Nf3 Nc6 3. d4 cxd4 4. Nxd4 Nf6 5. Nc3 e5 6. Ndb5 d6 7. Bg5 a6 8. Bxf6 gxf6 9. Na3 Bg7 10. Qh5 Be6 11. Bc4 0-0 12. 0-0 b5 13. Bd5 Rc8 14. Bxc6 Rxc6 15. Nd5 Bxd5 16. exd5 Rc5 17. c3 f5 18. Qxf5 Rxd5 19. Rad1 Rxd1 20. Rxd1 Re8 21. Nc2 e4 22. Qd5 Re6 23. Ne3 b4 24. cxb4 Bxb2 25. a4 Qh4 26. Qa8+ 1-0